Central Library OPAC University of Rajshahi

আন্তর্জাতিক সম্পর্ক = ( International Relations ) / (Record no. 47353)

MARC details
000 -LEADER
fixed length control field 01039nam a2200253 a 4500
001 - CONTROL NUMBER
control field 47353
003 - CONTROL NUMBER IDENTIFIER
rucl marc code BD-RjUL
005 - DATE AND TIME OF LATEST TRANSACTION
control field 20211209054311.0
008 - FIXED-LENGTH DATA ELEMENTS--GENERAL INFORMATION
fixed length control field 160717s1979 ii |||| b||| 000 0 ben d
020 ## - INTERNATIONAL STANDARD BOOK NUMBER
Terms of availability : IRs.37.00
035 ## - SYSTEM CONTROL NUMBER
System control number (BD-RjUL)47472
040 ## - CATALOGING SOURCE
Original cataloging agency BD-RjUL
Language of cataloging ben
Transcribing agency BD-RjUL
Modifying agency BD-RjUL
041 ## - LANGUAGE CODE
Language code of text/sound track or separate title ben
082 ## - DEWEY DECIMAL CLASSIFICATION NUMBER
Edition number 23
Classification number 327
Author mark and year BHA 1979
100 ## - MAIN ENTRY--PERSONAL NAME
Personal name ভট্টাচার্য, গৌরীপদ
9 (RLIN) 112106
245 10 - TITLE STATEMENT
Title আন্তর্জাতিক সম্পর্ক = ( International Relations ) /
Statement of responsibility, etc. গৌরীপদ ভট্টাচার্য
250 ## - EDITION STATEMENT
Edition statement ২য় সং..
260 ## - PUBLICATION, DISTRIBUTION, ETC. (IMPRINT)
Place of publication, distribution, etc. কলিকাতা :
Name of publisher, distributor, etc. পশ্চিমবঙ্গ, রাজ্য পুস্তক পর্ষদ,
Date of publication, distribution, etc. ১৯৭৯
300 ## - PHYSICAL DESCRIPTION
Pagination [১৪], ৪৬১ পৃ. ;
Size ২২ সেমি.
504 ## - BIBLIOGRAPHY, ETC. NOTE
Bibliography, etc গ্রন্থপঞ্জি সংযুক্ত .
650 ## - SUBJECT ADDED ENTRY--TOPICAL TERM
Topical term or geographic name as entry element আন্তর্জাতিক সম্পর্ক
9 (RLIN) 112044
Topical term or geographic name as entry element International Relations
9 (RLIN) 112107
942 ## - ADDED ENTRY ELEMENTS (KOHA)
Source of classification or shelving scheme Dewey Decimal Classification
Koha item type Books
Holdings
Lost status Source of classification or shelving scheme Damaged status Not for loan Collection code Permanent Location Current Location Shelving location Date acquired Source of acquisition Cost, normal purchase price Total Checkouts Full call number Date last seen Date checked out Copy number Koha item type
  Dewey Decimal Classification     Non-fiction Central Library, University of Rajshahi Central Library, University of Rajshahi   07/04/1982 India Interkoli 18.00 2 B 327 BHA 1979 19/09/2017 11/06/2017 C-2 Books
  Dewey Decimal Classification   Not For Loan Non-fiction Central Library, University of Rajshahi Central Library, University of Rajshahi Reading Room 17/06/1982 Aligor library, Rajshahi 54.00   B 327 BHA 1979 17/12/2016   C-1 Books